000 00593nam a22001937a 4500
008 131021b xxu||||| |||| 00| 0 alb d
020 _a9789951100045
041 0 _aalb
080 _a321.7/323.1
_x(496.5)
100 1 _aRamadani, Burim
_d1981-
245 1 0 _aShteti i komuniteteve :
_cBurim Ramadani.
260 _aPrishtinë
_bZëri ;
_c2009
300 _a155 f. :
_c21 cm.
500 _aParathënie/ Blerim Shala : f. 6-11
505 _aLiteratura : f. 149-154
650 0 _aLevizjet kombëtare
_zKosova
650 0 _aDemokracia
_zKosova
942 _2udc
_cBK
999 _c142
_d142